Generative AI: (Record no. 206563)

MARC details
000 -LEADER
fixed length control field 00683nam a22002177a 4500
005 - DATE AND TIME OF LATEST TRANSACTION
control field 20241022122515.0
010 ## - LCCN (DPL NO)
LC control number ENG-142240
020 ## - INTERNATIONAL STANDARD BOOK NUMBER
International Standard Book Number 9789361639371
Terms of availability 250.00
035 ## - SYSTEM CONTROL NUMBER
System control number EN-125772
037 ## - SOURCE OF ACQUISITION
Source of stock number/acquisition DBAD
082 ## - DEWEY DECIMAL CLASSIFICATION NUMBER
Classification number 001.64
100 ## - MAIN ENTRY--PERSONAL NAME
Personal name Jesubalan, Ananthi
245 ## - TITLE STATEMENT
Title Generative AI:
Statement of responsibility, etc by Ananthi Jesubalan
Remainder of title A Beginner's Guide
250 ## - EDITION STATEMENT
Edition statement First
260 ## - PUBLICATION, DISTRIBUTION, ETC. (IMPRINT)
Name of publisher, distributor, etc Shanlax Publications
Place of publication, distribution, etc Tamil Nadu
Date of publication, distribution, etc 2024
270 ## - ADDRESS
Address 61, 66 T.P.K. Main Road, Vasantha Nagar, Madurai
City Tamil Nadu
Postal code 625003
300 ## - PHYSICAL DESCRIPTION
Extent 213p.
Dimensions 22cm(pb)
700 ## - ADDED ENTRY--PERSONAL NAME
Personal name Ramasamy, Praveenkumar
9 (RLIN) 73141
700 ## - ADDED ENTRY--PERSONAL NAME
Personal name Shanmugasundaram, Sowmika
9 (RLIN) 73142
942 ## - ADDED ENTRY ELEMENTS (KOHA)
Source of classification or shelving scheme Dewey Decimal Classification
Item type English Books
Classification part 001.64
Call number suffix JES
Holdings
Withdrawn status Lost status Not for loan Collection code Home library Current library Date acquired Source of acquisition Cost, normal purchase price Full call number Barcode Copy number Cost, replacement price Koha item type
      Non-fiction Bawana Bawana 22/10/2024 DBAD 250.00 001.64 JES EN-125772 1 250.00 English Books

© Delhi Public Library
Hit Counter
free hit counter